Handbook of Engineering Management (Record no. 23759)
[ view plain ]
| 000 -LEADER | |
|---|---|
| fixed length control field | 00319nam a22001097a 4500 |
| 008 - FIXED-LENGTH DATA ELEMENTS--GENERAL INFORMATION | |
| fixed length control field | 140106b xxu||||| |||| 00| 0 eng d |
| 010 ## - LIBRARY OF CONGRESS CONTROL NUMBER | |
| LC control number | 85-22805 |
| 020 ## - INTERNATIONAL STANDARD BOOK NUMBER | |
| International Standard Book Number | 047187828 |
| Terms of availability | Available |
| 082 ## - DEWEY DECIMAL CLASSIFICATION NUMBER | |
| Classification number | 620.0068ULL |
| Author Mark | 002542 |
| 245 ## - TITLE STATEMENT | |
| Title | Handbook of Engineering Management |
| Statement of responsibility, etc. | Ullmann John E |
| 260 ## - PUBLICATION, DISTRIBUTION, ETC. | |
| Place of publication, distribution, etc. | Canada |
| Name of publisher, distributor, etc. | Johan Wiley & Sons |
| Date of publication, distribution, etc. | 1986 |
| Withdrawn status | Lost status | Source of classification or shelving scheme | Damaged status | Not for loan | Permanent Location | Current Location | Shelving location | Date acquired | Full call number | Barcode | Date last seen | Price effective from | Koha item type |
|---|---|---|---|---|---|---|---|---|---|---|---|---|---|
| Central Library (CL) | Central Library (CL) | General Stacks | 01/06/2014 | 620.0068ULL | RCMS002542 | 01/06/2014 | 01/06/2014 | Reference |
